Statistics for 6-Letter Movie Chain #1

Click here to take the quiz!

General Stats

  • This quiz has been taken 31,174 times
    (15,607 since last reset)
  • The average score is 18 of 27

Answer Stats

Hint Answer % Correct
Mr. ScissorhandsEdward
96%
I'm going to make him an offer he can't …Refuse
93%
Rocky's last nameBalboa
91%
Hannibal's last nameLecter
90%
Comic book company behind
dozens of movies
Marvel
87%
Costner movie: Dances With ______Wolves
85%
Where all dogs go when they dieHeaven
82%
Tom Cruise movie: Minority ______Report
80%
Unchained slave portrayed by Jaimie FoxxDjango
80%
Bruce Wayne's hometownGotham
80%
Rainman's disorderAutism
77%
Sequel to "Alien"Aliens
74%
Ben Stiller movie: ______ ThunderTropic
73%
Actress with 21 Oscar nominationsStreep
67%
City often shown in political thrillers
- and where it's always snowing
Moscow
64%
Chong's comedic partnerCheech
60%
Cujo's diseaseRabies
60%
Name shouted by Stanley in
"A Streetcar Named Desire"
Stella
53%
There's no ______ in baseballCrying
52%
Bond villain with a killer top hatOddjob
49%
Wes Craven horror movieScream
48%
Adam Sandler movie about
video games come to life
Pixels
47%
Type of movie that has soundTalkie
47%
Movie starring Eddie Murphy
and Eddie Murphy
Norbit
38%
Messy poltergeist from "Ghostbusters"Slimer
38%
Song from "Flashdance"Maniac
35%
Schwarzenegger movie about the
witness protection program
Eraser
24%

Score Distribution

Percentile by Number Answered

Percent of People with Each Score

Your Score History

You have not taken this quiz since the last reset